|
|
|
|
| LEADER |
00000naa a2200000uu 4500 |
| 001 |
vtls010948043 |
| 003 |
SK-MaSNL |
| 005 |
20260302125156.0 |
| 008 |
210902|2000 xo |||||||||||||||||eng| |
| 015 |
|
|
|a SNBRA
|
| 035 |
|
|
|a (urnnbn)urn:nbn:sk:snk:ar-a0bhcb
|
| 035 |
|
|
|a (uuid)8d42a348-aa14-4149-b3e9-4db451631de2
|
| 035 |
|
|
|a urn:nbn:sk:snk-aau9fz
|
| 040 |
|
|
|a SNKBUCL
|b slo
|c SNKBUCL
|e AACR2
|
| 041 |
0 |
|
|a eng
|
| 044 |
|
|
|a xo
|c SK
|
| 100 |
1 |
|
|a Himpens, B.
|4 aut
|9 811956
|
| 245 |
1 |
0 |
|a THE "PENTALFA" PROJECT FOR EXPERTS AND PUBLIC IN BELGIUM
|c B. Himpens
|
| 773 |
0 |
|
|t ISTEP 2000
|d Košice : Elfa, 2000, 2000
|g S. 141-142
|z 8088964385
|
| 958 |
|
|
|a OND
|
| 958 |
|
|
|a article11
|
| 958 |
|
|
|a chapter
|
| 999 |
|
|
|c 1292221
|d 1294151
|